Actors by Countries 2 - Statistics

General Stats
  • This quiz has been taken 559 times
  • The average score is 13 of 26
Answer Stats
Hint Answer % Correct
Penelope Cruz Spain
88%
Salma Hayek Mexico
84%
Christian Bale UK
76%
Natalie Portman Israel/USA
74%
Liam Neeson Ireland
72%
Antonio Banderas Spain
71%
Liam Hemsworth Australia
67%
Pierce Brosnan Ireland
62%
Jeremy Irons UK
62%
Geoffrey Rush Australia
61%
Til Schweiger Germany
57%
Sofia Vergara Colombia/USA
56%
Omar Sharif Egypt
52%
Lars von Trier Denmark
51%
Sam Worthington Australia
41%
Sam Neill New Zealand/Ireland
40%
Erdogan Atalay Germany/Turkey
39%
Christopher Lambert France
36%
Rodrigo Santoro Brazil
34%
Predrag Bjelac Serbia
32%
Max von Sydow Sweden/France
28%
Chow Yun-fat Hong Kong
25%
Olivier Gourmet Belgium
23%
Bruno Ganz Switzerland
18%
Terence Hill Italy
16%
Leonor Varela Chile
8%
No matching quizzes found
Score Distribution
Percent of People with Each Score
Percentile by Number Answered
Your Score History
You have not taken this quiz